[Event "Women's Speed Chess Q3"]
[Site "chess.com INT"]
[Date "2021.05.30"]
[Round "12"]
[White "Grigoryan, Meri"]
[Black "Dworakowska, Joanna"]
[Result "1-0"]
[WhiteTitle "WFM"]
[BlackTitle "IM"]
[WhiteElo "2044"]
[BlackElo "2322"]
[WhiteFideId "13300571"]
[BlackFideId "1107445"]
[EventDate "2021.05.30"]

1. d4 f5 2. Nf3 Nf6 3. c4 g6 4. Nc3 d6 5. Bg5 Bg7 6. Bxf6 Bxf6 7. e4 fxe4 8.
Nxe4 Bg7 9. Bd3 Nd7 10. h4 Nf6 11. Nxf6+ Bxf6 12. h5 g5 13. Qd2 h6 14. Bg6+ Kf8
15. O-O-O c6 16. d5 Qb6 17. b3 Qc5 18. Nd4 cxd5 19. Qc3 dxc4 20. Qxc4 Qxc4+ 21.
bxc4 Bd7 22. Kc2 Ba4+ 23. Nb3 Kg7 24. Rhe1 Rhc8 25. Kd3 b5 26. Rc1 b4 27. Nd4 a5
28. Ne6+ Kg8 29. Nf4 Bd7 30. Nd5 Kg7 31. Nxf6 Kxf6 32. Re3 Rc5 33. Rf3+ Bf5+ 34.
Bxf5 Rxf5 35. Re3 Rc8 36. f3 Rf4 37. Rce1 e5 38. Rc1 Rd4+ 39. Ke2 Rdxc4 40. Rd1
Rc2+ 41. Kf1 R8c6 42. Red3 Ke6 43. g3 Rxa2 44. f4 gxf4 45. gxf4 e4 46. Rd4 Rcc2
47. Rxe4+ Kf5 48. Red4 Rf2+ 49. Kg1 Rg2+ 50. Kh1 Rh2+ 51. Kg1 Rxh5 52. Rxd6 Kxf4
53. R6d4+ Ke3 54. R4d3+ Ke2 55. Rd8 Rg5+ 56. Kh1 a4 57. R1d6 b3 58. Re6+ Kf3 59.
Rf8+ Kg4 60. Re1 1-0

[Event "Women's Speed Chess Q3"]
[Site "chess.com INT"]
[Date "2021.05.30"]
[Round "12"]
[White "Putri, Regita Desyari"]
[Black "Petrova, Irina"]
[Result "0-1"]
[WhiteTitle "WFM"]
[BlackTitle "WIM"]
[WhiteElo "1897"]
[BlackElo "2110"]
[WhiteFideId "7109083"]
[BlackFideId "14124122"]
[EventDate "2021.05.30"]

1. d4 d6 2. c4 g6 3. Nf3 Bg7 4. g3 Nc6 5. Bg2 Nf6 6. O-O O-O 7. Nc3 Bf5 8. b3
Ne4 9. Bb2 Nxc3 10. Bxc3 Rb8 11. Re1 Be4 12. a4 e5 13. d5 Ne7 14. Qd2 Bf5 15. e4
Bd7 16. Rac1 h6 17. a5 f5 18. b4 f4 19. c5 g5 20. Qb2 Ng6 21. Nd2 Qf6 22. Nc4
Kh8 23. f3 fxg3 24. hxg3 g4 25. Rf1 gxf3 26. Rxf3 Qg5 27. Rcf1 Rxf3 28. Rxf3 Rf8
29. Bd2 Qg4 30. Rxf8+ Bxf8 31. Qc3 Bb5 32. Ne3 Qxg3 33. cxd6 cxd6 34. Nf5 Qxc3
35. Bxc3 Bd3 36. Kf2 Nf4 37. Bh1 h5 38. Ng3 h4 39. Nf5 Nxd5 40. Bd2 Nf4 41. Ke3
h3 42. Kf3 Bf1 43. Bxf4 exf4 44. Kxf4 Bg2 45. Ng3 Bxh1 46. Nxh1 Kg7 47. Kg3 Kf6
48. Kxh3 Ke5 49. Nf2 d5 50. exd5 Kxd5 51. Kg4 Bxb4 52. Kf5 Bxa5 53. Nd3 Bc3 54.
Nf4+ Kc4 55. Ne6 b5 56. Nc7 b4 57. Ne6 b3 58. Ke4 b2 59. Nf4 b1=Q+ 60. Kf3 Qf1+
61. Ke4 Qxf4+ 62. Kxf4 a5 63. Ke3 a4 64. Ke2 a3 65. Kd1 a2 0-1

[Event "Women's Speed Chess Q3"]
[Site "chess.com INT"]
[Date "2021.05.30"]
[Round "12"]
[White "Balabayeva, Xeniya"]
[Black "Buksa, Nataliya"]
[Result "1-0"]
[WhiteTitle "WFM"]
[BlackTitle "IM"]
[WhiteElo "2178"]
[BlackElo "2414"]
[WhiteFideId "13719688"]
[BlackFideId "14123622"]
[EventDate "2021.05.30"]

1. e4 c5 2. Nf3 Nc6 3. Bb5 g6 4. O-O Bg7 5. Re1 e5 6. c3 Nge7 7. d3 O-O 8. Be3
d6 9. Bc4 a6 10. a4 Rb8 11. Nbd2 h6 12. h3 Kh7 13. Nf1 f5 14. Bd2 f4 15. N3h2 g5
16. Qh5 Bd7 17. Nf3 Be8 18. Nxg5+ Kh8 19. Nf7+ Bxf7 20. Bxf7 Qd7 21. g3 Nd8 22.
Bc4 b5 23. axb5 axb5 24. Bb3 Ne6 25. Qg4 c4 26. dxc4 Nc5 27. Qxd7 Nxd7 28. cxb5
Nc5 29. Bc4 Nc8 30. b4 Nd7 31. Bd3 fxg3 32. fxg3 Ncb6 33. Be3 Nf6 34. Ra6 Nbd7
35. Rxd6 Rfc8 36. c4 Bf8 37. Re6 Bxb4 38. Rb1 Nc5 39. Bxc5 Bxc5+ 40. Kg2 Rf8 41.
Nd2 Rbd8 42. Rb3 Be3 43. Nf3 Ra8 44. Rb2 Ra3 45. Be2 Kg7 46. Nxe5 Nxe4 47. Ng4
Nxg3 48. Rxe3 Rxe3 49. Nxe3 Ne4 50. Bf3 Nc5 51. Bd5 Nd3 52. Rf2 Rxf2+ 53. Kg3
Rb2 54. Nf5+ Kf6 55. Nd4 Nb4 56. Kf4 Nxd5+ 57. cxd5 Rb4 58. Ke4 Ke7 59. Ke5 Kd7
60. d6 Rb2 61. Kd5 Rh2 62. Kc5 Rxh3 63. b6 Rc3+ 64. Kb4 Rc1 65. b7 Rb1+ 66. Nb3
Kxd6 67. b8=Q+ Ke6 68. Qe8+ Kf6 69. Qh8+ Kg6 70. Qg8+ Kf6 71. Kc4 Rh1 72. Nd4
Rh5 73. Kd3 Re5 74. Qh8+ Kg6 75. Qxe5 h5 76. Qf5+ Kg7 77. Ne6+ Kg8 78. Qg6+ 1-0

[Event "Women's Speed Chess Q3"]
[Site "chess.com INT"]
[Date "2021.05.30"]
[Round "12"]
[White "Szente Varga, Fruzsina"]
[Black "Kazarian, Anna-Maja"]
[Result "1-0"]
[WhiteTitle "WFM"]
[BlackTitle "FM"]
[WhiteElo "2100"]
[BlackElo "2096"]
[WhiteFideId "712264"]
[BlackFideId "1033689"]
[EventDate "2021.05.30"]

1. e4 e6 2. d4 d5 3. Nd2 Nf6 4. e5 Nfd7 5. f4 c5 6. c3 Nc6 7. Ndf3 Qb6 8. Ne2
Be7 9. g3 f6 10. Bh3 Nf8 11. Kf1 Bd7 12. Kg2 f5 13. Re1 Ng6 14. Kh1 h5 15. Be3
h4 16. Bg2 hxg3 17. Nxg3 Nh4 18. Nxh4 Bxh4 19. Bf2 cxd4 20. cxd4 Bxg3 21. Bxg3
Qxd4 22. Qb3 Qb4 23. Qc2 Nd4 24. Qf2 Rc8 25. Rac1 Rxc1 26. Rxc1 Nc6 27. a3 Qd4
28. Qe2 Kf7 29. Bf3 Qb6 30. Bh5+ g6 31. Bf3 Nd4 32. Qg2 Nxf3 33. Qxf3 Bc6 34.
Qe2 d4+ 35. Kg1 d3+ 36. Qf2 Qxf2+ 37. Kxf2 Rd8 38. Rd1 d2 39. Ke3 Be4 40. Rxd2
Rc8 41. Rd7+ Kf8 42. Bh4 Rc2 43. Rd8+ Kf7 44. Rd7+ Ke8 45. Re7+ Kf8 46. Rxe6
Rxb2 47. Rxg6 Rb3+ 48. Kd4 Rxa3 49. Bf6 Rd3+ 50. Kc5 Rd5+ 51. Kb4 Rd4+ 52. Kc5
Rd5+ 53. Kc4 Rd2 54. Rh6 Kf7 55. Rh7+ Kg6 56. Rg7+ Kh6 57. h4 Bd5+ 58. Kc5 Bb3
59. Rg8 Kh5 60. Rh8+ Kg4 61. Be7 Re2 62. Bg5 Kf3 63. Kd6 a5 64. Rb8 a4 65. Rxb7
Rd2+ 66. Ke7 Bd5 67. Ra7 Bb3 68. Kf6 Re2 69. Bh6 Kg4 70. Bg5 Kh5 71. Ra5 Kg4 72.
Ra6 Re4 73. Kg7 Re3 74. Kf8 Re4 75. Ke7 Kh5 76. Rh6+ Kg4 77. Ra6 Rb4 78. Kf6 Rb8
79. e6 Bxe6 80. Kxe6 Rb4 81. Be7 Re4+ 82. Kf6 Kxf4 83. Bd6+ Kg4 84. h5 Kxh5 85.
Kxf5 Rg4 86. Bf4 Rxf4+ 87. Kxf4 1-0

[Event "Women's Speed Chess Q3"]
[Site "chess.com INT"]
[Date "2021.05.30"]
[Round "13"]
[White "Zaichenko, Daria"]
[Black "Buksa, Nataliya"]
[Result "0-1"]
[WhiteTitle "WFM"]
[BlackTitle "IM"]
[WhiteElo "2104"]
[BlackElo "2414"]
[WhiteFideId "4197453"]
[BlackFideId "14123622"]
[EventDate "2021.05.30"]

1. e4 c5 2. Nf3 Nc6 3. d4 cxd4 4. Nxd4 e5 5. Nb5 d6 6. N1c3 a6 7. Na3 Nf6 8. Bg5
Be7 9. Bxf6 Bxf6 10. Nd5 O-O 11. Be2 b5 12. c4 b4 13. Nc2 Bg5 14. O-O a5 15. b3
Be6 16. f4 exf4 17. Nxf4 Ne5 18. Nxe6 fxe6 19. Nd4 Qb6 20. Kh1 Rxf1+ 21. Bxf1
Re8 22. Nf3 Bf6 23. Rc1 Qe3 24. Qe2 Qxc1 25. Nxe5 Bxe5 26. g3 Rf8 27. Kg2 Bd4 0-1

[Event "Women's Speed Chess Q3"]
[Site "chess.com INT"]
[Date "2021.05.30"]
[Round "13"]
[White "Berend, Elvira"]
[Black "Makhija, Aashna"]
[Result "1-0"]
[WhiteTitle "WGM"]
[BlackTitle "WIM"]
[WhiteElo "2326"]
[BlackElo "1969"]
[WhiteFideId "4000510"]
[BlackFideId "25011944"]
[EventDate "2021.05.30"]

1. e4 e5 2. Nf3 Nc6 3. Bb5 a6 4. Bxc6 dxc6 5. O-O Bg4 6. d3 Bd6 7. Nbd2 Qd7 8.
h3 Bxf3 9. Nxf3 f6 10. Be3 O-O-O 11. c3 c5 12. b4 cxb4 13. cxb4 Bxb4 14. Rb1 Be7
15. Qb3 c6 16. d4 exd4 17. Nxd4 Nh6 18. Rfc1 Qc7 19. Ne6 Qe5 20. Qxb7# 1-0

[Event "Women's Speed Chess Q3"]
[Site "chess.com INT"]
[Date "2021.05.30"]
[Round "13"]
[White "Dauletova, Gulmira"]
[Black "Zawadzka, Jolanta"]
[Result "1-0"]
[WhiteTitle "WGM"]
[BlackTitle "WGM"]
[WhiteElo "2285"]
[BlackElo "2399"]
[WhiteFideId "13702971"]
[BlackFideId "1122320"]
[EventDate "2021.05.30"]

1. e4 d6 2. d4 Nf6 3. Nc3 e5 4. Nf3 Nbd7 5. Bc4 Be7 6. a4 a5 7. O-O O-O 8. h3
Nb6 9. Ba2 c6 10. Re1 Re8 11. Be3 h6 12. Qd2 Qc7 13. dxe5 dxe5 14. Rad1 Bb4 15.
Bxh6 gxh6 16. Qxh6 Nh7 17. Ng5 Nxg5 18. Qxg5+ Kh7 19. Re3 Be6 20. Rg3 Bg4 21.
Rxg4 Qd6 22. Rh4+ 1-0

[Event "Women's Speed Chess Q3"]
[Site "chess.com INT"]
[Date "2021.05.30"]
[Round "13"]
[White "Bodnaruk, Anastasia"]
[Black "Bivol, Alina"]
[Result "1-0"]
[WhiteTitle "IM"]
[BlackTitle "WGM"]
[WhiteElo "2457"]
[BlackElo "2385"]
[WhiteFideId "4181751"]
[BlackFideId "4100123"]
[EventDate "2021.05.30"]

1. e4 e6 2. d4 d5 3. e5 c5 4. c3 Nc6 5. Nf3 Qb6 6. a3 Nh6 7. b4 cxd4 8. cxd4 Nf5
9. Bb2 Bd7 10. g4 Nfe7 11. Nc3 Ng6 12. Na4 Qd8 13. Nc5 b6 14. Nxd7 Qxd7 15. Bb5
a6 16. Qa4 Nge7 17. Rc1 Rc8 18. Bxa6 Rc7 19. Bb5 g6 20. O-O Bh6 21. g5 Bg7 22.
Rc2 O-O 23. Rfc1 Ra7 24. Bxc6 Nxc6 25. Qxc6 Qe7 26. Qd6 Qb7 27. Rc7 Ra6 28. Rxb7 1-0

[Event "Women's Speed Chess Q3"]
[Site "chess.com INT"]
[Date "2021.05.30"]
[Round "13"]
[White "Narva, Mai"]
[Black "Bommini, Mounika Akshaya"]
[Result "1-0"]
[WhiteTitle "WIM"]
[BlackTitle "WFM"]
[WhiteElo "2276"]
[BlackElo "2029"]
[WhiteFideId "4500512"]
[BlackFideId "25019872"]
[EventDate "2021.05.30"]

1. e4 Nc6 2. Nf3 d6 3. d4 Nf6 4. Nc3 Bg4 5. Bb5 a6 6. Bxc6+ bxc6 7. O-O e6 8.
Bf4 Be7 9. Qd3 O-O 10. Nd2 Bh5 11. f3 Bg6 12. Qc4 Qd7 13. b3 a5 14. Rad1 d5 15.
Qa4 Rfb8 16. a3 Ne8 17. Rfe1 Ra6 18. exd5 exd5 19. Nxd5 Qxd5 20. Rxe7 Bxc2 21.
Rde1 Nf6 22. Bxc7 Rc8 23. Qc4 g6 24. Qxa6 Qxd4+ 25. Kh1 Qxd2 26. Qxc8+ Kg7 27.
Bg3 Bf5 28. Qc7 Nd5 29. Rxf7+ 1-0

[Event "Women's Speed Chess Q3"]
[Site "chess.com INT"]
[Date "2021.05.30"]
[Round "13"]
[White "Li, Xueyi"]
[Black "Tarasova, Viktoriya"]
[Result "1/2-1/2"]
[WhiteTitle "WGM"]
[BlackTitle "WIM"]
[WhiteElo "2328"]
[BlackElo "2226"]
[WhiteFideId "8605912"]
[BlackFideId "4175840"]
[EventDate "2021.05.30"]

1. d4 Nf6 2. g3 d5 3. Bg2 c6 4. Nf3 Bf5 5. c4 e6 6. Nc3 Nbd7 7. Qb3 Qb6 8. c5
Qxb3 9. axb3 a6 10. b4 Rd8 11. Bf4 Be7 12. Nh4 Bg6 13. Nxg6 hxg6 14. e4 dxe4 15.
Nxe4 Nxe4 16. Bxe4 Nf6 17. Bf3 Rxd4 18. b5 axb5 19. Ra8+ Rd8 20. Ra7 Bxc5 21.
Rxb7 Bb4+ 22. Ke2 O-O 23. Bxc6 Nd5 24. Rxb5 Nxf4+ 25. gxf4 Be7 26. Kf3 Rb8 27.
b3 Rxb5 28. Bxb5 Rb8 29. Bc4 Bb4 30. Rd1 Kf8 31. Rd7 Be7 32. Ra7 Bb4 33. h3 Be7
34. Ke2 Bb4 35. Kf3 Be7 36. Ke2 Bb4 37. Kf3 1/2-1/2

[Event "Women's Speed Chess Q3"]
[Site "chess.com INT"]
[Date "2021.05.30"]
[Round "13"]
[White "Dwilewicz, Katarzyna"]
[Black "Soumya, Swaminathan"]
[Result "1-0"]
[WhiteTitle "WFM"]
[BlackTitle "IM"]
[WhiteElo "2092"]
[BlackElo "2351"]
[WhiteFideId "1148486"]
[BlackFideId "5016193"]
[EventDate "2021.05.30"]

1. e4 c5 2. Nf3 Nc6 3. d4 cxd4 4. Nxd4 Nf6 5. Nc3 d6 6. Bg5 e6 7. Qd2 a6 8.
O-O-O Be7 9. f3 Bd7 10. h4 Nxd4 11. Qxd4 b5 12. g4 Rc8 13. Kb1 Qc7 14. Bd3 Qc5
15. Qxc5 Rxc5 16. Be3 Rc7 17. Ne2 O-O 18. Nd4 Rfc8 19. c3 g6 20. Rd2 e5 21. Nb3
Be6 22. Bb6 Rc6 23. Be3 d5 24. g5 dxe4 25. gxf6 exd3 26. fxe7 Re8 27. Nc1 Bd5
28. Rf1 Rxe7 29. Nxd3 e4 30. Nb4 Bc4 31. Nxc6 1-0

[Event "Women's Speed Chess Q3"]
[Site "chess.com INT"]
[Date "2021.05.30"]
[Round "13"]
[White "Golubenko, Valentina"]
[Black "Narva, Regina"]
[Result "0-1"]
[WhiteTitle "WGM"]
[BlackTitle "WFM"]
[WhiteElo "2209"]
[BlackElo "1901"]
[WhiteFideId "4501993"]
[BlackFideId "4500237"]
[EventDate "2021.05.30"]

1. Nf3 d5 2. g3 Nf6 3. Bg2 g6 4. O-O Bg7 5. d4 O-O 6. c4 c6 7. Nc3 Na6 8. Ne5
Nc7 9. cxd5 Ncxd5 10. e4 Nxc3 11. bxc3 Be6 12. Rb1 Qc7 13. Bf4 Qc8 14. d5 cxd5
15. exd5 Bf5 16. Rc1 Nh5 17. c4 Nxf4 18. gxf4 Bxe5 19. fxe5 Qc5 20. Qe2 h5 21.
Rfd1 Bg4 22. Bf3 Bh3 23. e6 Qd6 24. exf7+ Rxf7 25. Qe4 Rf5 26. Kh1 Raf8 27. Bg2
Bxg2+ 28. Qxg2 Rxf2 29. Qg5 Qxh2# 0-1

[Event "Women's Speed Chess Q3"]
[Site "chess.com INT"]
[Date "2021.05.30"]
[Round "13"]
[White "Ribeiro, Regina"]
[Black "Kiran, Manisha Mohanty"]
[Result "0-1"]
[WhiteTitle "WIM"]
[BlackTitle "WGM"]
[WhiteElo "1920"]
[BlackElo "2168"]
[WhiteFideId "2100681"]
[BlackFideId "5019575"]
[EventDate "2021.05.30"]

1. Nf3 Nf6 2. b3 g6 3. Bb2 Bg7 4. e3 O-O 5. c4 d6 6. d4 c5 7. d5 e5 8. dxe6 Bxe6
9. Be2 d5 10. cxd5 Nxd5 11. Bxg7 Kxg7 12. O-O Qf6 13. Na3 Nc3 14. Qd2 Rd8 15.
Qe1 Nc6 16. Bc4 Bg4 17. Be2 Nb4 18. h3 Bf5 19. Nc4 Nc2 20. Qc1 Nxe2+ 21. Kh1
Nxc1 22. Raxc1 Nb4 23. Rfd1 Nxa2 24. Ra1 Nc3 25. Rdc1 Ne2 26. Re1 Nc3 27. Rec1
Bxh3 0-1

[Event "Women's Speed Chess Q3"]
[Site "chess.com INT"]
[Date "2021.05.30"]
[Round "13"]
[White "Mkrtchian, Lilit"]
[Black "Purtseladze, Maka"]
[Result "0-1"]
[WhiteTitle "IM"]
[BlackTitle "IM"]
[WhiteElo "2388"]
[BlackElo "2274"]
[WhiteFideId "13300601"]
[BlackFideId "13602659"]
[EventDate "2021.05.30"]

1. e4 c6 2. d4 d5 3. e5 a6 4. Nf3 Bg4 5. Be2 e6 6. O-O Ne7 7. Nbd2 Nf5 8. h3
Bxf3 9. Nxf3 c5 10. c3 cxd4 11. cxd4 Nc6 12. b3 Be7 13. Bb2 O-O 14. Bd3 Nh4 15.
Nd2 f5 16. exf6 Bxf6 17. Qg4 Nf5 18. Bxf5 exf5 19. Qf4 Bg5 20. Qf3 Bxd2 21. Rad1
Bb4 22. a3 Ba5 23. b4 Bb6 24. Rfe1 Qd6 25. Re2 Rae8 26. Rde1 Re4 27. Qd3 Rfe8
28. f3 Rxe2 29. Rxe2 Rxe2 30. Qxe2 Kf7 31. Qd3 g6 32. Kf1 Qf4 33. Ke2 Nxd4+ 34.
Bxd4 Qxd4 35. Qb3 Qf2+ 0-1

[Event "Women's Speed Chess Q3"]
[Site "chess.com INT"]
[Date "2021.05.30"]
[Round "13"]
[White "Kiolbasa, Oliwia"]
[Black "Padmini, Rout"]
[Result "1-0"]
[WhiteTitle "WIM"]
[BlackTitle "IM"]
[WhiteElo "2255"]
[BlackElo "2370"]
[WhiteFideId "1154613"]
[BlackFideId "5029295"]
[EventDate "2021.05.30"]

1. e4 c5 2. Nf3 e6 3. d4 cxd4 4. Nxd4 Nc6 5. Nc3 Qc7 6. Be2 a6 7. O-O Nf6 8. Be3
Be7 9. f4 d6 10. Qe1 O-O 11. Qg3 Bd7 12. Rae1 Nxd4 13. Bxd4 Bc6 14. Bd3 Kh8 15.
Kh1 Rg8 16. e5 Nd7 17. Qh3 Nf8 18. exd6 Bxd6 19. Ne4 Bxe4 20. Bxe4 f5 21. Bd3
Rd8 22. Rxe6 Bxf4 23. Bc3 Bg5 24. Bxf5 Qc4 25. Ree1 Re8 26. Bd3 Qc6 27. Rxe8
Qxe8 28. Rxf8 Qxf8 29. Qxh7# 1-0

[Event "Women's Speed Chess Q3"]
[Site "chess.com INT"]
[Date "2021.05.30"]
[Round "13"]
[White "Doluhanova, Evgeniya"]
[Black "Luong, Phuong Hanh"]
[Result "0-1"]
[WhiteTitle "WGM"]
[BlackTitle "WIM"]
[WhiteElo "2207"]
[BlackElo "2229"]
[WhiteFideId "14112035"]
[BlackFideId "12401013"]
[EventDate "2021.05.30"]

1. e4 c5 2. Nf3 e6 3. c4 a6 4. Nc3 d6 5. d4 cxd4 6. Nxd4 Nf6 7. Be3 Be7 8. Be2
O-O 9. O-O Nbd7 10. Rc1 b6 11. b4 Bb7 12. f3 Rc8 13. Na4 h5 14. Nb3 h4 15. Qd4
h3 16. gxh3 b5 17. cxb5 axb5 18. Bxb5 Ne5 19. Qb6 Rxc1 20. Rxc1 Qxb6 21. Nxb6
Nxf3+ 22. Kf2 Ne5 23. Rc7 Nxe4+ 24. Ke2 Rb8 25. Bd3 Nxd3 26. Kxd3 Bd8 27. Rc4
Bxb6 28. Bxb6 Ba6 29. Kxe4 Bxc4 30. Bc7 Rxb4 31. Bxd6 Ra4 32. Nd2 Bxa2+ 33. Ke3
Bd5 0-1

[Event "Women's Speed Chess Q3"]
[Site "chess.com INT"]
[Date "2021.05.30"]
[Round "13"]
[White "Socko, Monika"]
[Black "Priyanka, K"]
[Result "1-0"]
[WhiteTitle "GM"]
[BlackTitle "WIM"]
[WhiteElo "2421"]
[BlackElo "2218"]
[WhiteFideId "1106619"]
[BlackFideId "5082986"]
[EventDate "2021.05.30"]

1. e4 c5 2. Nf3 d6 3. Bb5+ Nd7 4. O-O a6 5. Bxd7+ Bxd7 6. d4 cxd4 7. Qxd4 Nf6 8.
Bg5 e5 9. Qd3 Bc6 10. Nbd2 Be7 11. c4 h6 12. Be3 O-O 13. Rfd1 Ng4 14. h3 Nxe3
15. Qxe3 Qc7 16. Rac1 Rad8 17. b4 f5 18. b5 Bxe4 19. Nxe4 fxe4 20. Qxe4 axb5 21.
cxb5 Qb6 22. Qd5+ Kh8 23. Nd2 Qxf2+ 24. Kh1 Bg5 25. Ne4 Qf4 26. Rc7 Bh4 27. Qxb7
Bg3 28. Rg1 1-0

[Event "Women's Speed Chess Q3"]
[Site "chess.com INT"]
[Date "2021.05.30"]
[Round "13"]
[White "Varney, Zoe"]
[Black "Nandhidhaa, P V"]
[Result "0-1"]
[WhiteTitle "WCM"]
[BlackTitle "WGM"]
[WhiteElo "1917"]
[BlackElo "2365"]
[WhiteFideId "436135"]
[BlackFideId "5050847"]
[EventDate "2021.05.30"]

1. e4 c5 2. Nf3 Nc6 3. d4 cxd4 4. Nxd4 e6 5. Nc3 Qc7 6. Be3 a6 7. Qd2 Nf6 8. f3
Be7 9. O-O-O d6 10. g4 b5 11. h4 Bb7 12. h5 b4 13. Nb1 Rc8 14. g5 Nd7 15. Bg2
Nde5 16. b3 O-O 17. f4 Ng4 18. Nxc6 Nxe3 19. Nxe7+ Kh8 20. Nxc8 Nxd1 21. Rxd1
Rxc8 22. e5 d5 23. Bf1 a5 24. Bd3 a4 25. g6 fxg6 26. hxg6 h6 27. f5 exf5 28.
Bxf5 Rf8 29. Bd3 Qxe5 30. Rh1 a3 31. Rxh6+ Kg8 32. Rh8+ Kxh8 33. Qh2+ Qxh2 0-1

[Event "Women's Speed Chess Q3"]
[Site "chess.com INT"]
[Date "2021.05.30"]
[Round "13"]
[White "Swati, Mohota"]
[Black "Rakshitta, Ravi"]
[Result "0-1"]
[WhiteTitle "WFM"]
[BlackTitle "WIM"]
[WhiteElo "2027"]
[BlackElo "2190"]
[WhiteFideId "5006511"]
[BlackFideId "25073230"]
[EventDate "2021.05.30"]

1. d4 Nf6 2. Nf3 e6 3. g3 d5 4. Bg2 Be7 5. O-O O-O 6. c3 c5 7. Nbd2 Nc6 8. Re1
cxd4 9. cxd4 b6 10. e4 dxe4 11. Nxe4 Nxe4 12. Rxe4 Bb7 13. Re1 Bf6 14. Be3 Ne7
15. Ne5 Bxg2 16. Kxg2 Qd5+ 17. Qf3 Bxe5 18. Qxd5 Nxd5 19. dxe5 Rac8 20. Rac1
Rfd8 21. Rxc8 Rxc8 22. Re2 Kf8 23. Bd4 Ke7 24. f4 Rc4 25. Rd2 Kd7 26. b3 Rc1 27.
Kf2 Kc6 28. Bb2 Rh1 29. Kg2 Re1 30. Kf2 Rb1 31. a4 b5 32. Rc2+ Kb7 33. axb5 Nb4
34. Rd2 Rxb2 35. Rxb2 Nd3+ 36. Ke3 Nxb2 37. Kd4 Kb6 38. Kc3 Nd1+ 39. Kd2 Nf2 40.
Ke2 Ng4 41. h3 Nh6 42. g4 Kxb5 43. Ke3 Kb4 44. Kd4 Kxb3 45. Kc5 a5 46. Kd6 a4
47. Ke7 a3 48. g5 Nf5+ 49. Kxf7 a2 50. Kxe6 Nd4+ 51. Kf7 a1=Q 52. e6 Qa7+ 53. e7
Nf5 54. g6 Qxe7+ 55. Kg8 Qe8+ 56. Kxh7 Nh4 57. Kxg7 Qxg6+ 58. Kh8 Nf5 59. h4
Qg7# 0-1

[Event "Women's Speed Chess Q3"]
[Site "chess.com INT"]
[Date "2021.05.30"]
[Round "13"]
[White "Vine, Elzbieta"]
[Black "Von Herman, Brigitte"]
[Result "0-1"]
[WhiteTitle "WFM"]
[BlackTitle "WFM"]
[WhiteElo "2138"]
[BlackElo "1991"]
[WhiteFideId "1119320"]
[BlackFideId "4628730"]
[EventDate "2021.05.30"]

1. e4 e5 2. Nf3 Nc6 3. Bc4 Nf6 4. O-O Bc5 5. b4 Bb6 6. c3 d6 7. b5 Ne7 8. Ng5
O-O 9. Qb3 d5 10. exd5 Nfxd5 11. d4 exd4 12. cxd4 h6 13. Nf3 Bg4 14. h3 Bxf3 15.
Qxf3 Bxd4 16. Qg4 Bxa1 17. Bxh6 c6 18. Rd1 Bf6 19. Nd2 Qc8 20. Qg3 Qf5 21. Bd3
Qxd3 22. Qxd3 gxh6 23. Ne4 Bg7 24. Qg3 Nf5 25. Qg4 Nde7 26. Nf6+ Kh8 27. Nh5 Be5
28. f4 Rg8 29. Qf3 Bd4+ 30. Kh1 Rad8 0-1

[Event "Women's Speed Chess Q3"]
[Site "chess.com INT"]
[Date "2021.05.30"]
[Round "13"]
[White "Havanecz, Bianka"]
[Black "Zakirova, Aisha"]
[Result "1-0"]
[WhiteTitle "WIM"]
[BlackTitle "WCM"]
[WhiteElo "2257"]
[BlackElo "1585"]
[WhiteFideId "704814"]
[BlackFideId "13719734"]
[EventDate "2021.05.30"]

1. d4 Nf6 2. Nf3 g6 3. g3 Bg7 4. Bg2 O-O 5. O-O d5 6. b3 c5 7. Bb2 Ne4 8. e3 Nc6
9. Nbd2 Nxd2 10. Qxd2 cxd4 11. Nxd4 Nxd4 12. Bxd4 Be6 13. Rfd1 Rc8 14. Rac1 Bxd4
15. Qxd4 Qa5 16. a4 Rfd8 17. h4 h5 18. Bf3 Bf5 19. c3 b5 20. axb5 Qxb5 21. Qxa7
Qxb3 22. Qxe7 Re8 23. Qd6 Rxc3 24. Bxd5 Qb2 25. Rxc3 Qxc3 26. Qf6 Qc2 27. Qxf7+
Kh8 28. Qxe8+ Kh7 29. Qg8+ Kh6 30. Qh8# 1-0

[Event "Women's Speed Chess Q3"]
[Site "chess.com INT"]
[Date "2021.05.30"]
[Round "13"]
[White "Petrova, Irina"]
[Black "Dworakowska, Joanna"]
[Result "1-0"]
[WhiteTitle "WIM"]
[BlackTitle "IM"]
[WhiteElo "2110"]
[BlackElo "2322"]
[WhiteFideId "14124122"]
[BlackFideId "1107445"]
[EventDate "2021.05.30"]

1. e4 c5 2. Nf3 d6 3. Bb5+ Bd7 4. Bxd7+ Nxd7 5. c4 g6 6. Nc3 Bg7 7. O-O Ngf6 8.
d3 O-O 9. h3 a6 10. Be3 Rb8 11. a4 Ne8 12. d4 cxd4 13. Bxd4 Ne5 14. Nxe5 dxe5
15. Be3 Nc7 16. Bb6 Qc8 17. Bxc7 Qxc7 18. b3 e6 19. Qe2 Rfd8 20. Rfd1 Rd4 21.
Qc2 Bf8 22. Ne2 Rbd8 23. Nxd4 exd4 24. Rd3 e5 25. Rf1 f5 26. exf5 e4 27. Rg3 d3
28. Qd1 Bc5 29. fxg6 Qxg3 30. gxh7+ Kh8 31. Qh5 Qd6 32. Qf5 Re8 33. Kh1 Qe5 34.
Qd7 Bd6 35. g3 Rf8 36. Qg4 1-0

[Event "Women's Speed Chess Q3"]
[Site "chess.com INT"]
[Date "2021.05.30"]
[Round "13"]
[White "Komiagina, Maria"]
[Black "Samaganova, Alexandra"]
[Result "1/2-1/2"]
[WhiteTitle "WIM"]
[BlackTitle "WFM"]
[WhiteElo "2241"]
[BlackElo "1993"]
[WhiteFideId "4153987"]
[BlackFideId "13800221"]
[EventDate "2021.05.30"]

1. d4 Nf6 2. Nf3 e6 3. Bf4 b6 4. Nbd2 Bb7 5. e3 Be7 6. Bd3 O-O 7. h3 c5 8. c3
Nc6 9. O-O Rc8 10. Qe2 d5 11. Ne5 Nxe5 12. dxe5 Ne4 13. Nxe4 dxe4 14. Bc2 Qc7
15. Rfd1 Rcd8 16. Qg4 Kh8 17. Bg3 Qc6 18. h4 Rxd1+ 19. Rxd1 Rd8 20. Rxd8+ Bxd8
21. Qf4 Kg8 22. h5 h6 23. Bh4 Bc7 24. Be7 Qd5 25. Bd6 Bd8 26. Bb3 c4 27. Bc2 Bg5
28. Qg4 Qd2 29. Bxe4 Bxe4 30. Qxe4 Qe1+ 31. Kh2 Qxf2 32. Qa8+ Kh7 33. Qe4+ Kg8
34. Qa8+ Kh7 35. Qe4+ Kg8 1/2-1/2